The art of negotiation : (Record no. 5043)
[ view plain ]
| 000 -LEADER | |
|---|---|
| fixed length control field | 00641cam a2200205 4500 |
| 001 - CONTROL NUMBER | |
| control field | 5969 |
| 005 - DATE AND TIME OF LATEST TRANSACTION | |
| control field | 20181127180639.0 |
| 010 ## - LIBRARY OF CONGRESS CONTROL NUMBER | |
| LC control number | 2013005793 |
| 020 ## - INTERNATIONAL STANDARD BOOK NUMBER | |
| International Standard Book Number | 978146757919 |
| 100 1# - MAIN ENTRY--PERSONAL NAME | |
| Personal name | Wheeler, Michael, |
| Dates associated with a name | 1943- |
| 245 14 - TITLE STATEMENT | |
| Title | The art of negotiation : |
| Remainder of title | how to improvise agreement in a chaotic world / |
| Statement of responsibility, etc. | by Michael Wheeler. |
| 264 #1 - PRODUCTION, PUBLICATION, DISTRIBUTION, MANUFACTURE, AND COPYRIGHT NOTICE | |
| Place of production, publication, distribution, manufacture | New York : |
| Name of producer, publisher, distributor, manufacturer | Simon & Schuster, |
| Date of production, publication, distribution, manufacture, or copyright notice | 2013. |
| 300 ## - PHYSICAL DESCRIPTION | |
| Extent | viii, 304 pages ; |
| Dimensions | 24 cm |
| 336 ## - CONTENT TYPE | |
| Content type term | text |
| Source | rdacontent |
| 337 ## - MEDIA TYPE | |
| Media type term | unmediated |
| Source | rdamedia |
| 338 ## - CARRIER TYPE | |
| Carrier type term | volume |
| Source | rdacarrier |
| 504 ## - BIBLIOGRAPHY, ETC. NOTE | |
| Bibliography, etc. note | Includes bibliographical references and index. |
| 650 #0 - SUBJECT ADDED ENTRY--TOPICAL TERM | |
| Topical term or geographic name entry element | Negotiation in business. |
| Topical term or geographic name entry element | Negotiation. |
| Withdrawn status | Lost status | Source of classification or shelving scheme | Damaged status | Not for loan | Collection code | Home library | Current library | Shelving location | Date acquired | Serial Enumeration / chronology | Inventory number | Total Checkouts | Total Renewals | Full call number | Barcode | Date last seen | Date last checked out | Price effective from | Koha item type |
|---|---|---|---|---|---|---|---|---|---|---|---|---|---|---|---|---|---|---|---|
| Dewey Decimal Classification | Main TEST | RTC Library | RTC Library | Main opac | 11/08/2022 | 9478 | 3 | 4 | 658.4 WHE | 30008508 | 14/06/2024 | 21/12/2023 | 27/11/2018 | Main |